El menor ante el delito (Record no. 101353)

MARC details
000 -LEADER
fixed length control field 00765nam a22001937a 4500
005 - DATE AND TIME OF LATEST TRANSACTION
control field 20260204095245.0
008 - FIXED-LENGTH DATA ELEMENTS--GENERAL INFORMATION
fixed length control field 150923b ag ||||| |||| 00| 0 spa d
020 ## - INTERNATIONAL STANDARD BOOK NUMBER
International Standard Book Number 9789505088430
050 04 - LIBRARY OF CONGRESS CALL NUMBER
Classification number KHA5936
Item number D36 2009
100 1# - MAIN ENTRY--PERSONAL NAME
Personal name D' Antonio, Daniel Hugo
245 13 - TITLE STATEMENT
Title El menor ante el delito
Remainder of title : incapacidad penal del menor régimen jurídico, prevención y tratamiento
Statement of responsibility, etc / Daniel Hugo D' Antonio
250 ## - EDITION STATEMENT
Edition statement 3a ed.
Remainder of edition statement ampliada y actualizada
260 ## - PUBLICATION, DISTRIBUTION, ETC. (IMPRINT)
Place of publication, distribution, etc Buenos Aires :
Name of publisher, distributor, etc Astrea de Alfredo y Ricardo Depalma,
Date of publication, distribution, etc 2009
300 ## - PHYSICAL DESCRIPTION
Extent xxiii, 300 p. ;
Dimensions 23 cm.
504 ## - BIBLIOGRAPHY, ETC. NOTE
Bibliography, etc Incluye apéndice, bibliografía : p. 293-300
650 #7 - SUBJECT ADDED ENTRY--TOPICAL TERM
Source of heading or term lemb
Topical term or geographic name as entry element Administración de justicia de menores
Geographic subdivision Argentina
650 #7 - SUBJECT ADDED ENTRY--TOPICAL TERM
Source of heading or term lemb
Topical term or geographic name as entry element Delicuencia juvenil
Geographic subdivision Argentina
942 ## - ADDED ENTRY ELEMENTS (KOHA)
Source of classification or shelving scheme Biblioteca del Cogreso de los Estados Unidos
Koha item type Libro
Holdings
Estado de pérdida Fuente de clasificación Estado del daño No para préstamo Ubicación permanente Ubicación actual Apartado o colección Fecha de adquisición Fuente de adquisición Edición Área del conocimiento Clasificación Código de Barras Date last seen Número de copia Costo por reposición Tipo de recurso
  Biblioteca del Cogreso de los Estados Unidos     Biblioteca de la Facultad de Derecho y Ciencias Sociales "Felipe J. Tena" Biblioteca de la Facultad de Derecho y Ciencias Sociales "Felipe J. Tena" General 23/09/2015 Dirección General de Bibliotecas Generico 3a ed. Ciencias Sociales y Administrativas KHA5936 D36 2009 BFD000006914 23/09/2015 1 1.00 Libro